[Event "St Petersburg Korchnoi Memorial op"]
[Site "St Petersburg"]
[Date "2019.08.22"]
[Round "9"]
[White "Ataev, Kamronbek"]
[Black "Martynyuk, Elizaveta"]
[Result "0-1"]
[WhiteElo "1644"]
[BlackElo "2134"]
[PlyCount "44"]
[EventDate "2019.08.14"]
[EventType "swiss"]
[EventRounds "9"]
[EventCountry "RUS"]
[SourceTitle "CBM 192"]
[Source "ChessBase"]
[SourceDate "2019.10.31"]
[SourceVersion "1"]
[SourceVersionDate "2019.10.31"]
[SourceQuality "1"]

1. c4 c6 2. Nc3 d5 3. cxd5 cxd5 4. d3 Nc6 5. g3 Nf6 6. Bg2 h6 7. a3 e5 8. b4 d4 9. Ne4 Nxe4 10. dxe4 Be6 11. Bb2 Qb6 12. Qd3 Rc8 13. Nf3 Bxb4+ 14. Nd2 Bc3 15. Bxc3 dxc3 16. Nc4 Bxc4 17. Qxc4 0-0 18. 0-0 Nd4 19. Qa2 c2 20. Bh3 Nxe2+ 21. Kg2 c1Q 22. Raxc1 Nxc1 0-1

[Event "St Petersburg Korchnoi Memorial op"]
[Site "St Petersburg"]
[Date "2019.08.14"]
[Round "1"]
[White "Shmidt, Kseniya"]
[Black "Martynyuk, Elizaveta"]
[Result "0-1"]
[WhiteElo "1476"]
[BlackElo "2134"]
[PlyCount "66"]
[EventDate "2019.08.14"]
[EventType "swiss"]
[EventRounds "9"]
[EventCountry "RUS"]
[SourceTitle "CBM 192"]
[Source "ChessBase"]
[SourceDate "2019.10.31"]
[SourceVersion "1"]
[SourceVersionDate "2019.10.31"]
[SourceQuality "1"]

1. d4 d5 2. Nf3 Nf6 3. c4 c6 4. Nc3 dxc4 5. e3 b5 6. a4 b4 7. Na2 e6 8. Bxc4 Be7 9. 0-0 0-0 10. Bd2 a5 11. Qc2 Nbd7 12. Nc1 c5 13. Nb3 Bb7 14. Rfd1 Bxf3 15. gxf3 cxd4 16. Nxd4 Qc7 17. Nxe6 Qe5 18. Nxf8 Rxf8 19. e4 Qh5 20. Qb3 Bd6 21. f4 Nxe4 22. Qe3 Ndf6 23. Bd3 Bc5 24. Qe2 Bxf2+ 25. Kg2 Qg6+ 26. Kh1 Re8 27. Bxe4 Nxe4 28. Qf3 Bd4 29. Be3 Bxb2 30. Rab1 Nc3 31. Rxb2 Nxd1 32. f5 Qf6 33. Rc2 Nxe3 0-1

[Event "Pardubice Czech op-A 30th"]
[Site "Pardubice"]
[Date "2019.07.25"]
[Round "7"]
[White "Godzwon, Iwo"]
[Black "Martynyuk, Elizaveta"]
[Result "1-0"]
[WhiteElo "2285"]
[BlackElo "2125"]
[PlyCount "79"]
[EventDate "2019.07.19"]
[EventType "swiss"]
[EventRounds "9"]
[EventCountry "CZE"]
[SourceTitle "CBM 191"]
[Source "ChessBase"]
[SourceDate "2019.08.31"]
[SourceVersion "1"]
[SourceVersionDate "2019.08.31"]
[SourceQuality "1"]

1. e4 c5 2. Nf3 Nc6 3. d4 cxd4 4. Nxd4 g6 5. c4 Nf6 6. Nc3 Nxd4 7. Qxd4 d6 8. Be3 Bg7 9. Be2 0-0 10. Qd2 a5 11. 0-0 a4 12. Rad1 Qa5 13. Bd4 Be6 14. f4 Rfc8 15. b3 axb3 16. axb3 Qb4 17. f5 Bd7 18. Bxf6 Bxf6 19. Nd5 Qxd2 20. Nxf6+ exf6 21. Rxd2 Bc6 22. fxg6 hxg6 23. Rxf6 Ra1+ 24. Kf2 Bxe4 25. Rfxd6 Rc5 26. Rb6 Rh1 27. Bf3 Rf5 28. Ke3 Bxf3 29. gxf3 Re1+ 30. Kf2 Re7 31. Rd4 Kg7 32. b4 Rfe5 33. c5 Re2+ 34. Kg3 Rc2 35. h4 Kh6 36. Rd5 Kg7 37. h5 gxh5 38. Rg5+ Kf8 39. Rxh5 Ke8 40. Rh8+ 1-0

[Event "Warsaw Najdorf Memorial op-A 17th"]
[Site "Warsaw"]
[Date "2019.07.07"]
[Round "2"]
[White "Martynyuk, Elizaveta"]
[Black "Marczuk, Dominik"]
[Result "1-0"]
[WhiteElo "2125"]
[BlackElo "2300"]
[PlyCount "59"]
[EventDate "2019.07.06"]
[EventType "swiss"]
[EventRounds "9"]
[EventCountry "POL"]
[SourceTitle "CBM 191 Extra"]
[Source "ChessBase"]
[SourceDate "2019.09.30"]
[SourceVersion "1"]
[SourceVersionDate "2019.09.30"]
[SourceQuality "1"]

1. e4 c6 2. Nc3 d5 3. Nf3 Bg4 4. h3 Bxf3 5. Qxf3 e6 6. d3 Nd7 7. Bd2 Ngf6 8. g4 g6 9. Qg3 Bg7 10. e5 Ng8 11. f4 Qb6 12. 0-0-0 g5 13. h4 gxf4 14. Bxf4 c5 15. d4 c4 16. g5 Ne7 17. h5 Qc6 18. Bh3 b5 19. Kb1 Nb6 20. g6 hxg6 21. Bg4 b4 22. Ne2 Nd7 23. Bg5 Nf5 24. Bxf5 gxf5 25. h6 Bf8 26. h7 Be7 27. Nf4 Nf8 28. Bxe7 Kxe7 29. Qg5+ Kd7 30. Qg7 1-0

[Event "Warsaw Najdorf Memorial op-A 17th"]
[Site "Warsaw"]
[Date "2019.07.06"]
[Round "1"]
[White "Sieciechowicz, Marcin"]
[Black "Martynyuk, Elizaveta"]
[Result "1/2-1/2"]
[WhiteElo "2399"]
[BlackElo "2125"]
[PlyCount "144"]
[EventDate "2019.07.06"]
[EventType "swiss"]
[EventRounds "9"]
[EventCountry "POL"]
[SourceTitle "CBM 191 Extra"]
[Source "ChessBase"]
[SourceDate "2019.09.30"]
[SourceVersion "1"]
[SourceVersionDate "2019.09.30"]
[SourceQuality "1"]

1. d4 d5 2. c4 c6 3. Nf3 Nf6 4. Nc3 dxc4 5. a4 e6 6. e4 Bb4 7. e5 Nd5 8. Bd2 b5 9. Ne4 Be7 10. axb5 cxb5 11. b3 Nc6 12. bxc4 bxc4 13. Bxc4 0-0 14. 0-0 a5 15. Qe2 Qb6 16. Be3 Ba6 17. Rfb1 Bxc4 18. Qxc4 Ncb4 19. Bd2 Rfc8 20. Qb3 Qa6 21. Rc1 Rxc1+ 22. Bxc1 Qe2 23. Ng3 Qc2 24. Qxc2 Nxc2 25. Ra2 Ncb4 26. Ra1 a4 27. Ne1 Nc6 28. Nc2 Ndb4 29. Nxb4 Bxb4 30. Bb2 a3 31. Ne2 Ra7 32. Bc1 Kf8 33. Ra2 Ke8 34. Kf1 Kd7 35. f4 Ne7 36. Kf2 Kc6 37. Ke3 Nd5+ 38. Kd3 Kb5 39. g4 Rc7 40. Ra1 Ka4 41. Bd2 Bxd2 42. Kxd2 Rb7 43. Nc3+ Nxc3 44. Kxc3 Rb3+ 45. Kc4 Rb2 46. f5 a2 47. d5 exd5+ 48. Kxd5 Kb3 49. h4 Rb1 50. Rxa2 Kxa2 51. e6 fxe6+ 52. fxe6 Kb3 53. e7 Re1 54. Kd6 Kc4 55. Kd7 Kd5 56. e8Q Rxe8 57. Kxe8 Ke6 58. Kf8 Kf6 59. Kg8 Kg6 60. h5+ Kh6 61. Kf7 g6 62. Kf6 g5 63. Kf5 Kg7 64. Kxg5 h6+ 65. Kf5 Kf7 66. Ke5 Ke7 67. Kd5 Kf7 68. Ke4 Ke6 69. Kd4 Kf6 70. Ke3 Ke7 71. Kf4 Kf6 72. Ke4 Ke6 1/2-1/2